| 000 | 00425pab a2200169 454500 | ||
|---|---|---|---|
| 008 | 180718b2010 xxu||||| |||| 00| 0 eng d | ||
| 100 | _aNayak, Arun Kumar | ||
| 245 | _aBig dams and protests in India: a study of Hirakud dam | ||
| 260 | _c2010 | ||
| 300 | _ap.69-73. | ||
| 362 | _a9 Jan | ||
| 650 | _aDams - India - Orissa | ||
| 650 | _aDams | ||
| 773 | _aEconomic and Political Weekly | ||
| 908 | _aN | ||
| 909 | _a85222 | ||
| 999 |
_c85222 _d85222 |
||